书目信息 |
| 题名: |
达·芬奇
|
|
| 作者: | 谢新吾 , 李长敏 编著 | |
| 分册: | ||
| 出版信息: | 沈阳 辽海出版社 1998.10 |
|
| 页数: | 172页 | |
| 开本: | 32开 | |
| 丛书名: | ||
| 单 册: | ||
| 中图分类: | K835.465.7 , K835.46 | |
| 科图分类: | ||
| 主题词: | 历史 , 地理 | |
| 电子资源: | ||
| ISBN: | 7-80638-918-0 | |
| 000 | 00593nam0 2200217 45 | |
| 001 | 0105290873 | |
| 005 | 20081225110136.95 | |
| 010 | @a7-80638-918-0@dCNY21.00 | |
| 100 | @a20010529d1998 km y0chiy0120 ea | |
| 101 | 0 | @achi |
| 200 | 1 | @a达·芬奇@ADa·Fen Qi@f谢新吾 ,李长敏编著@FXie Xin Wu,Li Chang Min Bian Zhu |
| 210 | @a沈阳@c辽海出版社@d1998.10 | |
| 215 | @a172页@d32开 | |
| 606 | 0 | @a历史 |
| 606 | 0 | @a地理 |
| 690 | @aK835.465.7@v3 | |
| 690 | @aK835.46@v4 | |
| 701 | 0 | @a谢新吾@4编著 |
| 701 | 0 | @a李长敏@4编著 |
| 801 | @aCN@bPftUser@c20081225 | |
| 905 | @f5@b344366-370@dK835.46@eF395 | |
| 达·芬奇/谢新吾 ,李长敏编著.-沈阳:辽海出版社,1998.10 |
| 172页;32开 |
| ISBN 7-80638-918-0:CNY21.00 |
| ● |
| 相关链接 |
|
|
|
正题名:达·芬奇
索取号:K835.46/F395
 
预约/预借
| 序号 | 登录号 | 条形码 | 馆藏地/架位号 | 状态 | 备注 |